Historia de la educación
Guardat en:
| Autors principals: | , |
|---|---|
| Format: | Llibre |
| Idioma: | espanyol |
| Publicat: |
Barcelona
Martínez Roca
1966
|
| Matèries: | |
| Etiquetes: |
Afegir etiqueta
Sense etiquetes, Sigues el primer a etiquetar aquest registre!
|
MARC
| LEADER | 00000nam a2200000 a 4500 | ||
|---|---|---|---|
| 001 | UCY7665 | ||
| 003 | CL-VaPUC | ||
| 008 | 950616e19660100SP |||||||||||||||||spa|d | ||
| 082 | 0 | 4 | |a 370.09 |b ATK |2 21 |
| 100 | 0 | |a Atkinson, Carroll |e author |9 338310 | |
| 700 | 0 | |a Maleska, Eugene T |e author |9 338311 | |
| 245 | 1 | 0 | |a Historia de la educación |
| 300 | |a 499 p | ||
| 942 | |c BK | ||
| 945 | |d 19950616 00:00:00 |a cmena | ||
| 260 | |a Barcelona |b Martínez Roca |c 1966 | ||
| 650 | 0 | |a Historia de la educación |9 257642 | |
| 650 | 7 | |a DESARROLLO DE LA EDUCACION |2 CL-VaPUC |9 338312 | |
| 650 | 0 | |a Psicología educacional |9 307830 | |
| 650 | 0 | |a Sociedad contemporánea |9 337179 | |
| 650 | 0 | |a Filosofía de la educación |9 258384 | |
| 650 | 7 | |a EDAD ANTIGUA |2 CL-VaPUC |9 338313 | |
| 583 | |a last modification |c 20170925 04:06:28 |k Rodrigo Vera | ||
| 999 | |c 234995 |d 234993 | ||
| 952 | |0 0 |1 0 |4 0 |6 370_090000000000000_ATK_1966 |7 0 |8 A |9 242063 |a BIBEDU |b BIBEDU |d 2019-11-18 |i 1519808 |o 370.09 ATK 1966 |p 1519808 |r 2019-11-18 |w 2019-11-18 |y BK |k EDU | ||